Tim Robinson Filmography - Statistics

General Stats
  • This quiz has been taken 2 times
  • The average score is 5 of 66
Answer Stats
Type Year Name % Correct
TV Show 2017-2018 Detroiters
100%
Web Series 2019-2023 I Think You Should Leave with Tim Robinson
100%
TV Show 2025-Present The Chair Company
100%
TV Show 2015, 2019 Documentary Now!
50%
Film 2024 Friendship
50%
TV Show 2012-2013 Saturday Night Live
50%
Web Series 2016 The Characters
50%
Web Series 2013, 2014, 2015 Above Average Presents
0%
Film 2020 An American Pickle
0%
Film 2022 Aqua Teen Forever: Plantasm
0%
TV Show 2020-2025 Big City Greens
0%
Short Film 2010 Bloopers Bloopers
0%
Film 2016 Brother Nature
0%
Short Film 2012 Carl Winslow: Homicide Detective
0%
Web Series 2014 Chicago Rats
0%
Film 2022 Chip 'n Dale: Rescue Rangers
0%
TV Show 2014 Comedy Bang! Bang!
0%
Podcast 2019 Comedy Bang Bang: The Podcast
0%
Short Film 2010 Company Outing
0%
TV Show 2023-Present Digman!
0%
TV Pilot 2014 Duty
0%
Web Series 2012 Friend Me
0%
Web Series 2012-2013 Game Program Attack!
0%
TV Show 2024 Hailey's on It!
0%
TV Show 2025 Hamster & Gretel
0%
Video Game 2022 High on Life
0%
Video Game 2026 High on Life 2
0%
Video Game 2023 High on Life: High on Knife
0%
Web Series 2024 Invincible
0%
TV Show 2023 Krapopolis
0%
Web Series 2019 Kwaczala
0%
TV Special 2025 Ladies & Gentleman... 50 Years of SNL Music
0%
TV Show 2017 Making History
0%
TV Show 2017 Man Seeking Woman
0%
Web Special 2017 Michael Bolton's Big, Sexy Valentine's Day Special
0%
TV Show 2022 Middlemost Post
0%
Short Film 2010 Missed Connections
0%
Web Series 2014 Monkey Love
0%
Film 2014 MoonCrash
0%
Film 2025 Obsession
0%
TV Show 2019-2020 Our Cartoon President
0%
Podcast 2022 Past My Bedtime
0%
Short Film 2025 Peanut Butter
0%
Commercial 2025 Ram 1500 REV
0%
Short Film 2010 Robbed
0%
Short Film 2019 Run Free
0%
TV Show 2012 Saturday Night Live: Weekend Update Thursday
0%
Short Film 2011 Selfloathepin
0%
Web Special 2025 SNL50: The Homecoming Concert
0%
Web Series 2021 Solar Opposites
0%
Theater 2010-2011 South Side of Heaven
0%
Web Series 2020 Star Trek: Lower Decks
0%
Podcast 2024 Stranded
0%
Podcast 2022 Summer in Argyle
0%
TV Show 2021-2023 Teenage Euthanasia
0%
Web Series 2021-2023 Ten Year Old Tom
0%
Film 2026 The Angry Birds Movie 3
0%
TV Show 2013, 2014 The Awesomes
0%
Web Series 2016 The Cream Brothers
0%
Short Film 2020 The Postal Service Zoom Auditions
0%
TV Show 2023 The Simpsons
0%
Podcast 2021 The Sketch Factor
0%
Commercial 2025 Totino's Pizza Rolls
0%
Web Series 2012 Touch 'n Dix
0%
Short Film 2024 You Expect Me to Believe That?
0%
TV Show 2019 Your Pretty Face Is Going to Hell
0%
No matching quizzes found
Score Distribution
Percent of People with Each Score
Percentile by Number Answered
Your Score History
You have not taken this quiz